| 000 | 04125nam a2200277Ia 4500 | ||
|---|---|---|---|
| 003 | CO-CtgCURN | ||
| 005 | 20250908191946.0 | ||
| 008 | 190723s2012 xx 000 0 und d | ||
| 020 | _a9789586539968 | ||
| 040 |
_aCO-CtgCURN _bspa _ccoctgcurn |
||
| 082 |
_a352.65 _bG633a |
||
| 100 |
_aGómez Lee, Iván Darío _eautor |
||
| 245 | 0 |
_aEl derecho de la contratación pública en Colombia : _baspectos relevantes para determinar la responsabilidad y conocer los riesgos / _cIván Darío Gómez Lee |
|
| 250 |
_a2 edición _bactualizada |
||
| 260 |
_aBogotá, Colombia : _bLegis, _c2012 |
||
| 300 |
_a358 páginas ; _c23 centímetros |
||
| 500 | _aIncluye introducción e índice | ||
| 504 | _aIncluye referencias bibliográficas (p. [355]-358) | ||
| 505 | _aCap. I. Evolucion y caracteristicas de la contratación colombiana 1993-2012 -- 1. Los regímenes de la contratación pública y sus principios -- 2. La Ley 80 de 1993, sus modificaciones y estado actual -- 3. el marco de la reforma a la contratación desde el 2007 -- 4. Nuevo SECOP y arquitectura institucional -- 5. El estatuto antitrámites de 2012 -- 6. Lecciones aprendidas en este tránsito de permanentes reformas -- Cap. II. Las reformas anticorrupción y asociaciones público-privadas -- 1. El estatuto anticorrupción de 2011 -- 2. La Ley de asociaciones público-privadas (ARP), 1508 de 2012 -- Cap. III. Las modalidades de selección del contratista -- 1. Licitación pública -- 2. La selección abreviada -- 3. El concurso de méritos -- 4. La contratación directa -- 5. Contratación de mínima cuantía -- Cap. IV. Contrato de prestación de servicios -- 1. Contrato de prestación de servicios profesionales -- 2. Contrato de prestación de servicios de apoyo a la gestion -- 3. contratos de prestación de servicios artisticos con persona natural -- 4. Contratación con persona jurídica -- 5. Exigencias y requisitos -- Cap. V. El control fiscal a la contratación -- 1. La gestión fiscal en la actividad contractual -- 2. Casos en que hay gestores fiscales contractuales -- 3. El elemento subjetivo -- 4. Oportunidad y alcance del control fiscal según lo establecido en la Ley 80 de 1993 -- 5. La prohibición de intervenir en la etapa precontractual -- 6. El control previo e interno en la contratación -- 7. La función de advertencia y otros pronunciamientos oportunos -- 8. Las consecuencias de la responsabilidad fiscal -- 9. Las acciones de control que promueve la Auditoria General de la República -- 10. La tipificación de riesgos fiscales en la descripción de conductas -- 11. La guia de auditoria de la gestión contractual -- Cap. VI. Las tipologías disciplinarias y penales -- 1. Generalidades -- 2. Faltas disciplinarias en materi de contratación estatal -- 3. Faltas gravísimas - Código Disciplinario Único (Ley 734 de 2002) -- 4. Otras conductas que constituyen falta disciplinaria -- 5. Conductas penales en materia de contratación estatal -- Cap. VII. Cuadro de fuentes vigentes en materia de contratación. | ||
| 520 | _aLa contratación pública colombiana se ha visto convulsionada por grandes escándalos de corrupción. Hoy, más que nunca, quienes quieran actuar en derecho, es decir, con rectitud y conociendo las normas y sus principales asuntos, en forma tal que puedan garantizar que asumirán adecuadamente las responsabilidades y riesgos, necesitan de este texto.En forma didáctica pero sin perder la profundidad en los análisis, el autor presenta la evolución y características de la contratación colombiana, así como un conjunto detallado de las fuentes normativas, con sus respectivos comentarios y notas de vigencia. Le dedica un capítulo especial a la reforma anticorrupción y a la ley de Asociaciones publico-privadas, asi como un estudio de los cambios normativos más significativos relacionado con las modalidades de selección del contratista. | ||
| 521 | _aAREA PROFESIONAL | ||
| 590 | _aPrograma de Derecho_18 | ||
| 650 | _aContratos públicos | ||
| 942 |
_cBK _h352.65 _iG633a _01 _2ddc |
||
| 999 |
_c29817 _d29817 |
||